000 00316 a2200145 4500
001 151087
040 _cEscola São Tomás de Aquino
100 _aRITER, Caio
240 1 0 _aO tato do gato
_lpor
245 1 0 _aO tato do gato
362 0 _a2011
440 1 _aEdelbra
697 _a*LITERATURA INFANTO
942 _cBK
999 _c151087
_d151087